[Event "Crema op 15th"]
[Site "Crema"]
[Date "2013.08.30"]
[Round "1"]
[White "Tagliaferri, Valerio"]
[Black "Sperli, Maurizio"]
[Result "1-0"]
[WhiteElo "1862"]
[BlackElo "1511"]
[PlyCount "85"]
[EventDate "2013.08.30"]
[EventType "swiss"]
[EventRounds "6"]
[EventCountry "ITA"]
[SourceTitle "EXT 2015"]
[Source "ChessBase"]
[SourceDate "2014.11.20"]
[SourceVersion "1"]
[SourceVersionDate "2014.11.20"]
[SourceQuality "1"]

1. c4 g6 2. Nc3 Bg7 3. g3 d6 4. Bg2 Nd7 5. e4 e5 6. Nge2 Ne7 7. d3 0-0 8. Be3 f5 9. Qd2 a6 10. h4 Nf6 11. Bg5 fxe4 12. dxe4 Be6 13. b3 Ng4 14. f3 Nf6 15. 0-0-0 Nh5 16. g4 Nf4 17. Nxf4 exf4 18. Nd5 Bxd5 19. exd5 Be5 20. h5 Qd7 21. Qc2 b5 22. Bxe7 Qxe7 23. hxg6 hxg6 24. Qxg6+ Qg7 25. Qxg7+ Kxg7 26. Bf1 bxc4 27. Bxc4 a5 28. a4 Rh8 29. Kc2 Rxh1 30. Rxh1 Rh8 31. Rxh8 Kxh8 32. Bd3 Bd4 33. Be4 Kg7 34. Kd3 Bc5 35. Kc4 Kf6 36. Kb5 Bb6 37. b4 axb4 38. Kxb4 Ke7 39. Kb5 Kd8 40. Bf5 Be3 41. a5 c6+ 42. Kxc6 Ba7 43. Kxd6 1-0

[Event "Crema op 10th"]
[Site "Crema"]
[Date "2008.09.07"]
[Round "5"]
[White "Vuckovic, Dimitrije"]
[Black "Sperli, Maurizio"]
[Result "0-1"]
[WhiteElo "1500"]
[BlackElo "1434"]
[PlyCount "72"]
[EventDate "2008.09.05"]
[EventType "swiss"]
[EventRounds "6"]
[EventCountry "ITA"]
[SourceTitle "EXT 2011"]
[Source "ChessBase"]
[SourceDate "2010.11.26"]
[SourceVersion "1"]
[SourceVersionDate "2010.11.26"]
[SourceQuality "1"]

1. d4 d5 2. c4 e6 3. Nc3 Nf6 4. Nf3 h6 5. Bf4 c5 6. cxd5 exd5 7. e3 Nc6 8. Bd3 cxd4 9. Nxd4 Bb4 10. 0-0 Bxc3 11. bxc3 0-0 12. Nb5 a6 13. Nc7 Ra7 14. c4 d4 15. e4 b6 16. Nd5 Nxd5 17. cxd5 Ne7 18. Qa4 f5 19. exf5 Bxf5 20. Bxf5 Rxf5 21. Qxd4 Rxd5 22. Qc4 b5 23. Qb3 Kh8 24. Qb2 Ng8 25. g3 Rdd7 26. Qe2 Re7 27. Qc2 Red7 28. Qg6 Qf6 29. Qc2 Ne7 30. Rae1 Ng6 31. Re4 Rd3 32. Rfe1 Qf5 33. Kg2 Nxf4+ 34. Rxf4 Rxg3+ 35. fxg3 Qxc2+ 36. Rf2 Qd2 0-1

[Event "Crema op 10th"]
[Site "Crema"]
[Date "2008.09.06"]
[Round "4"]
[White "Sperli, Maurizio"]
[Black "Stradiotti, Maurizio"]
[Result "0-1"]
[WhiteElo "1434"]
[BlackElo "1697"]
[PlyCount "58"]
[EventDate "2008.09.05"]
[EventType "swiss"]
[EventRounds "6"]
[EventCountry "ITA"]
[SourceTitle "EXT 2011"]
[Source "ChessBase"]
[SourceDate "2010.11.26"]
[SourceVersion "1"]
[SourceVersionDate "2010.11.26"]
[SourceQuality "1"]

1. e4 e6 2. d4 d5 3. Nc3 Bb4 4. e5 c5 5. Nf3 Nc6 6. Be3 cxd4 7. Bxd4 Nxd4 8. Nxd4 a6 9. a3 Ba5 10. Bd3 Qc7 11. 0-0 Qxe5 12. Nf3 Qf6 13. b4 Qxc3 14. bxa5 Qxa5 15. Rc1 Nf6 16. Ng5 h6 17. Nh3 0-0 18. Nf4 Re8 19. Nh5 Nxh5 20. Qxh5 Qc3 21. Rfe1 e5 22. Bf5 Bxf5 23. Qxf5 Rad8 24. Re3 Qc8 25. Qh5 Qe6 26. Rg3 e4 27. h3 d4 28. Rb1 b5 29. Qh4 e3 0-1